Airlines that serve Madrid-Barajas (MAD) - Statistics

General Stats
  • This quiz has been taken 60 times
  • The average score is 53 of 86
Answer Stats
Airline % Correct
American Airlines
97%
Lufthansa
97%
Ryanair
97%
British Airways
94%
Emirates
94%
United Airlines
94%
Delta Air Lines
91%
ITA Airways
91%
Qatar Airways
91%
TAP Air Portugal
91%
Turkish Airlines
91%
Aeroméxico
89%
Air China
89%
Iberia
89%
LATAM
89%
Aegean Airlines
86%
Air France
86%
KLM
86%
Vueling
86%
Aer Lingus
83%
Brussels Airlines
83%
easyJet
83%
Etihad Airways
83%
LOT Polish Airlines
83%
Air Canada
80%
Egyptair
80%
Royal Air Maroc
80%
Swiss International Air Lines
80%
Saudia
77%
China Eastern Airlines
74%
China Southern Airlines
74%
Finnair
74%
Transavia
74%
Avianca
71%
Ethiopian Airlines
71%
Tunisair
71%
Air Algérie
69%
Korean Air
69%
Wizz Air
69%
Air Europa
66%
El Al
66%
Eurowings
66%
Kuwait Airways
66%
Scandinavian Airlines
66%
Aerolíneas Argentinas
63%
Cathay Pacific
63%
Royal Jordanian
63%
airBaltic
60%
Air Serbia
60%
Norwegian Air Shuttle
60%
TAROM
60%
Binter Canarias
57%
JetBlue
57%
Pegasus Airlines
57%
Croatia Airlines
54%
Hainan Airlines
51%
Luxair
51%
Air Transat
49%
WestJet
49%
Air Arabia
46%
Bulgaria Air
43%
Sichuan Airlines
43%
Sky Express
43%
Volotea
43%
Air Cairo
40%
Cubana de Aviación
40%
Iberojet
40%
Smartwings
40%
SunExpress
40%
KM Malta Airlines
37%
Middle East Airlines
37%
Azul Brazilian Airlines
34%
Boliviana de Aviación
34%
Plus Ultra Líneas Aéreas
34%
Uzbekistan Airways
34%
World2Fly
34%
FlyOne
31%
AJet
26%
Beijing Capital Airlines
23%
Conviasa
23%
Dan Air
23%
Nouvelair
20%
SkyUp Airlines
14%
Aerolíneas Estelar
11%
LASER Airlines
11%
AlbaStar
6%
No matching quizzes found
Score Distribution
Percent of People with Each Score
Percentile by Number Answered
Your Score History
You have not taken this quiz